| 000 | 01413nam2a22002771 4500 | ||
|---|---|---|---|
| 001 | rc\335206 | ||
| 005 | 20250612174950.0 | ||
| 035 | _a(NLR Aleph) 008763146 | ||
| 090 |
_a7877745 _c7877745 |
||
| 100 | _a20030307d1990 |||y0rusy50 ca | ||
| 101 | 0 | _arus | |
| 102 | _aRU | ||
| 105 | _aa ||||||||| | ||
| 200 | 0 |
_aЧ. 2 _fК.В. Бакланов, О.А. Шпигун, А.А. Иванов, С.С. Криволапов |
|
| 210 |
_d1990 _aБ. м. |
||
| 215 |
_a54, [2] с. _cил. _d21 |
||
| 225 | 1 |
_aХимическая промышленность _iСер. "Реактивы и особо чистые вещества" |
|
| 225 | 1 |
_aПроизводство мономеров _f... |
|
| 320 | _aБиблиогр.: с. 47-55 (113 назв.) | ||
| 461 | 0 |
_1001rc\335204 _12001#$aИонная хроматография. Анализ органических соединений$fС.В. Пурдин, О.А. Шпигун, С.С. Криволапов, А.А. Иванов$vЧ. 2 _99551482 _cМ. _d1989- _fС.В. Пурдин, О.А. Шпигун, С.С. Криволапов, А.А. Иванов _nНИИТЭхим _tИонная хроматография. Анализ органических соединений _vЧ. 2 |
|
| 701 | 1 |
_aБакланов _bК.В. _gКирилл Владимирович |
|
| 801 | 0 |
_aRU _bNLR _gpsbo |
|
| 801 | 1 |
_aRU _bELAR _2rusmarc |
|
| 852 |
_aNLR _j90-4/346 |
||
| 942 | _cBOOK | ||
| 980 | _aNB | ||